[Event "AUTO-INT-439"]
[Site "http://www.queenalice.com/game.php?id=205337"]
[Date "2007.5.3"]
[Round "1"]
[White "Nakgada"]
[Black "Augusto_megriv"]
[Result "1-0"]
[WhiteElo "1557"]
[BlackElo "1333"]

1. d4 Nf6 2. c4 d5 3. cxd5 Nxd5 4. Nc3 e6 5. e4 Nb4 6. Qa4+ c6 7. a3 Nc2+ 8.
Qxc2 b5 9. Nf3 g6 10. Bg5 f6 11. Be3 g5 12. Bd3 Rg8 13. e5 f5 14. Ne2 a5 15. Qc1
Ra7 16. Nxg5 h6 17. Nh7 Bg7 18. Bxh6 Qh4 19. Bxg7 Rgxg7 20. Nf6+ Kf8 21. g3 Qh3
22. Nf4 Qh6 23. Nxe6+ Bxe6 24. Qxh6 Nd7 25. Nh7+ Kf7 26. Be2 Rg6 27. Bh5 Nf8 28.
Qxf8# 1-0

[Event "AUTO-INT-439"]
[Site "http://www.queenalice.com/game.php?id=205338"]
[Date "2007.5.3"]
[Round "1"]
[White "Augusto_megriv"]
[Black "Jomaley"]
[Result "1-0"]
[WhiteElo "1329"]
[BlackElo "1401"]

1. d4 d5 2. Nf3 f6 3. Nc3 c6 4. e4 dxe4 5. Nxe4 Qa5+ 6. Bd2 Qb6 7. Nc5 Bg4 8. h3
Bxf3 9. Qxf3 Qxb2 10. Qd1 Qxd4 11. Nxb7 Qd7 12. Rb1 Qe6+ 13. Be2 Qxa2 14. Ra1
Qd5 15. Rg1 Nd7 16. c4 Qf5 17. Na5 Rc8 18. g4 Qe6 19. Ra3 g5 20. Re3 Qf7 21. Bb4
Bh6 22. Qa1 c5 23. Bc3 Qg6 24. Re6 Bg7 25. Rg3 Nh6 26. Rf3 Kf7 27. Bd3 Qxd3 28.
Rxd3 Kxe6 29. Nb3 Rhd8 30. Nd4+ Kf7 31. Ne2 Ra8 32. Nc1 Nb6 33. Qa2 f5 34. f3
Bxc3+ 35. Rxc3 fxg4 36. hxg4 Rd4 37. Ne2 a5 38. Rb3 Nxc4 39. Rb5 Ke8 40. Rxc5
Nd2 41. Nxd4 Nxf3+ 42. Nxf3 Nxg4 43. Nxg5 Kd7 44. Nxh7 a4 45. Qg2 Nf6 46. Qxa8
Nxh7 47. Qc6+ Kd8 48. Qxa4 Nf6 49. Qa1 Ne4 50. Qd4+ Nd6 51. Qd3 Kd7 52. Re5 e6
53. Qh3 Nc4 54. Rxe6 Nd6 55. Qh7+ 1-0

[Event "AUTO-INT-439"]
[Site "http://www.queenalice.com/game.php?id=205339"]
[Date "2007.5.3"]
[Round "1"]
[White "Jomaley"]
[Black "Augusto_megriv"]
[Result "1-0"]
[WhiteElo "1382"]
[BlackElo "1343"]

1. e4 d5 2. f3 Nf6 3. Bb5+ c6 4. Bd3 h5 5. Nh3 h4 6. b3 e6 7. Nc3 Rh6 8. Bb2 Rg6
9. Rg1 Bc5 10. Kf1 Qb6 11. Ne2 Nbd7 12. exd5 Bxg1 13. Nhxg1 Rg5 14. dxe6 fxe6
15. Bxf6 gxf6 16. Nf4 Ke7 17. Nge2 e5 18. Nh3 Rg7 19. Bf5 Nc5 20. Bxc8 Rxc8 21.
Nc3 Qa6+ 22. Ne2 Rcg8 23. g4 e4 24. fxe4 Nxe4 25. d3 Nd6 26. Nef4 Rxg4 27. Qe2+
Kd8 28. Re1 Qa3 29. Qe7+ Kc8 30. Qxf6 Ne8 31. Rxe8+ Rxe8 32. Qf5+ Kb8 33. Qxg4
Qxa2 34. Qh5 Rc8 35. Qxh4 Qxc2 36. b4 Qxh2 37. Ne6 Qd6 38. Qe4 Re8 39. Nhf4 a6
40. d4 Kc8 41. Qf5 Kd7 42. Ng7+ Kd8 43. Nfe6+ Ke7 44. Ng5 Qxd4 45. Qf7+ Kd8 46.
Nxe8 Qxb4 47. Ne6+ Kc8 48. Qc7# 1-0

[Event "AUTO-INT-440"]
[Site "http://www.queenalice.com/game.php?id=205471"]
[Date "2007.5.3"]
[Round "1"]
[White "debia"]
[Black "Augusto_megriv"]
[Result "1-0"]
[WhiteElo "1619"]
[BlackElo "1322"]

1. e4 d5 2. e5 Nc6 3. Nf3 f6 4. exf6 exf6 5. d4 Nge7 6. Nc3 Ng8 7. Nh4 g5 8.
Qe2+ Nge7 9. Nf3 b6 10. g3 Nb8 11. Bg2 Ba6 12. Qe3 Nc6 13. Nd2 h5 14. Nxd5 Ne5
15. Nxf6+ Kf7 16. Qxe5 Rb8 17. Bd5+ Kg7 18. Nxh5+ Kh7 19. Nf6+ Kg6 20. Be4+ Kh6
21. Nf3 Bb7 22. Qxg5# 1-0

[Event "AUTO-INT-440"]
[Site "http://www.queenalice.com/game.php?id=205472"]
[Date "2007.5.3"]
[Round "1"]
[White "Augusto_megriv"]
[Black "debia"]
[Result "0-1"]
[WhiteElo "1307"]
[BlackElo "1477"]

1. d4 d5 2. Nc3 Nf6 3. g3 e6 4. Bg2 Bb4 5. a3 Bxc3+ 6. bxc3 Ng4 7. f3 Nf6 8. e4
Qd6 9. Nh3 dxe4 10. fxe4 e5 11. Ng5 Bg4 12. Qd2 h6 13. Nh3 b5 14. Nf2 Bh5 15.
Bh3 Bf3 16. Rg1 Nc6 17. Qe3 Bh5 18. d5 Na5 19. g4 Bg6 20. g5 Nh5 21. gxh6 gxh6
22. Qe2 Nf4 23. Qxb5+ Ke7 24. Qxa5 Rhg8 25. Qb5 Rgd8 26. c4 Rab8 27. Qa5 a6 28.
Ng4 Nxh3 29. Rg3 Ng5 30. Nxh6 Nxe4 31. Rg4 Qf6 32. Qxc7+ Kf8 33. a4 Qf2+ 34. Kd1
Qf1# 0-1

[Event "AUTO-INT-440"]
[Site "http://www.queenalice.com/game.php?id=205483"]
[Date "2007.5.3"]
[Round "1"]
[White "vindaloo"]
[Black "Augusto_megriv"]
[Result "1-0"]
[WhiteElo "1835"]
[BlackElo "1307"]

1. e4 d5 2. exd5 Qxd5 3. Nf3 g6 4. Nc3 Qc6 5. Bb5 Qxb5 6. Nxb5 Na6 7. O-O Bd7 8.
Qe2 Bg7 9. d4 Nh6 10. Re1 Nf5 11. Nh4 Bf8 12. Bh6 Bxh6 13. Nxf5 Bxf5 14. Qxe7#
1-0

[Event "AUTO-INT-440"]
[Site "http://www.queenalice.com/game.php?id=205484"]
[Date "2007.5.3"]
[Round "1"]
[White "Augusto_megriv"]
[Black "vindaloo"]
[Result "0-1"]
[WhiteElo "1295"]
[BlackElo "1834"]

1. d4 d5 2. Nc3 e6 3. e4 Bb4 4. a3 Bxc3+ 5. bxc3 Nc6 6. Nf3 dxe4 7. Ng5 Nf6 8.
f3 exf3 9. gxf3 O-O 10. Rb1 h6 11. Nh3 Re8 12. Rg1 e5 13. Be2 Bxh3 14. Rxb7 exd4
15. Rg3 Bc8 16. Rb5 Ba6 17. Rb3 Bxe2 18. Qd2 Bc4+ 19. Kd1 dxc3 20. Rxc3 Qxd2+
21. Bxd2 Be2+ 22. Kc1 Nd4 23. Rh3 Bf1 24. Rh4 Ne2+ 25. Kd1 Nxc3+ 26. Bxc3 Rad8+
27. Kc1 Be2 28. Rh3 Nd5 29. Be1 Nf4 30. Rh4 Ng2 31. Bf2 Nxh4 32. Bxh4 Rd1+ 33.
Kb2 Rb8+ 34. Kc3 c5 35. Bg3 Rb5 36. Be5 Ra1 37. Kd2 Rxa3 38. Kxe2 c4 39. c3
Rxe5+ 0-1

[Event "AUTO-INT-440"]
[Site "http://www.queenalice.com/game.php?id=205489"]
[Date "2007.5.3"]
[Round "1"]
[White "fernandosoares"]
[Black "Augusto_megriv"]
[Result "0-1"]
[WhiteElo "1309"]
[BlackElo "1348"]

1. g4 d5 2. Bg2 Bxg4 3. h3 Be6 4. Nf3 h5 5. d3 Rh6 6. e4 Rg6 7. exd5 Bxd5 8. c4
Bc6 9. Rg1 Re6+ 10. Kd2 g6 11. b4 Bh6+ 12. Kc2 Na6 13. b5 Nb4+ 14. Kb3 Nxd3 15.
Nbd2 Nxf2 16. Bb2 Nxd1 17. bxc6 bxc6 18. Raxd1 Rb8+ 19. Kc3 Nf6 20. Nb3 Qc8 21.
Ba3 Ne4+ 22. Kb2 Bg7+ 23. Kb1 Nc3+ 24. Kb2 Re2+ 25. Rd2 Na4+ 26. Kb1 Nc3+ 27.
Kc2 Qf5+ 28. Kc1 Re4 29. Re1 Rd8 30. Nc5 Re5 31. Nb7 Rb8 32. Rb2 Na4 33. h4 Re4
34. c5 Nxb2 35. Bxb2 Bh6+ 36. Kc2 Re2+ 37. Kd1 Rxg2 38. Na5 Qxf3+ 39. Re2 Qxe2#
0-1

[Event "AUTO-INT-440"]
[Site "http://www.queenalice.com/game.php?id=205490"]
[Date "2007.5.3"]
[Round "1"]
[White "Augusto_megriv"]
[Black "fernandosoares"]
[Result "1-0"]
[WhiteElo "1330"]
[BlackElo "1256"]

1. d4 c6 2. Nf3 Qa5+ 3. Bd2 Qd5 4. Nc3 Qd6 5. a4 b5 6. Ne4 Qc7 7. g4 bxa4 8.
Rxa4 d5 9. Ba5 dxe4 10. Bxc7 exf3 11. Rb4 fxe2 12. Bxe2 Nd7 13. Qd2 a5 14. Rb3
Ba6 15. Rg1 Ndf6 16. Bxa5 g6 17. Rb6 Nh6 18. Rxc6 Nhxg4 19. Bxg4 h5 20. Be2 Kd7
21. Rxa6 Rxa6 22. Bxa6 Bh6 23. Bb5+ Kc8 24. Qc3+ Kb7 25. Qc7+ Ka8 26. Bc6# 1-0

[Event "Augusto vs Ceasar"]
[Site "http://www.queenalice.com/game.php?id=219400"]
[Date "2007.6.1"]
[Round "-"]
[White "technicaldraw"]
[Black "Augusto_megriv"]
[Result "1-0"]
[WhiteElo "2106"]
[BlackElo "1295"]

1. e4 Nf6 2. Nc3 e5 3. Nf3 b6 4. Bc4 a6 5. O-O b5 6. Bb3 Bb7 7. Nxe5 Bxe4 8.
Nxf7 Bxc2 9. Qxc2 Qe7 10. Nxh8 g6 11. Nxg6 hxg6 12. Qxg6+ Kd8 13. d4 Ne4 14.
Nxe4 Nc6 15. Bg5 Qxg5 16. Qxg5+ Kc8 17. Rfc1 Nxd4 18. Rxc7+ Kxc7 19. Qe5+ Kd8
20. Qxd4 Rc8 21. Be6 Rc7 22. Rd1 Bd6 23. Qxd6 Rb7 24. Bxd7 Rxd7 25. Qxd7# 1-0

[Event "Challenge"]
[Site "http://www.queenalice.com/game.php?id=219795"]
[Date "2007.6.2"]
[Round "-"]
[White "Augusto_megriv"]
[Black "technicaldraw"]
[Result "0-1"]
[WhiteElo "1295"]
[BlackElo "2108"]

1. d4 e6 2. a3 d5 3. Nh3 c5 4. Bg5 f6 5. Bh4 Nc6 6. e3 cxd4 7. exd4 Nge7 8. g4
Ng6 9. Bg3 Qb6 10. c3 Qxb2 11. Nd2 Qxc3 12. Nf4 Qxd4 13. Nd3 Nge5 14. f4 Nxd3+
15. Bxd3 Qxd3 16. Rf1 Nd4 17. Rf2 Nc2+ 0-1

[Event "AUTO-INT-512"]
[Site "http://www.queenalice.com/game.php?id=233533"]
[Date "2007.7.2"]
[Round "1"]
[White "Augusto_megriv"]
[Black "bepke"]
[Result "0-1"]
[WhiteElo "1362"]
[BlackElo "1334"]

1. e4 e5 2. d4 exd4 3. Qxd4 Nc6 4. Qd2 Bb4 5. c3 Bc5 6. g3 Nf6 7. Qe2 O-O 8. b4
Bb6 9. Nd2 Re8 10. h4 d5 11. Bg2 Bg4 12. Qf1 dxe4 13. Nxe4 Qd1# 0-1

[Event "AUTO-INT-512"]
[Site "http://www.queenalice.com/game.php?id=233534"]
[Date "2007.7.2"]
[Round "1"]
[White "bepke"]
[Black "Augusto_megriv"]
[Result "1-0"]
[WhiteElo "1579"]
[BlackElo "1362"]

1. e4 Nc6 2. d4 e6 3. Nf3 d5 4. e5 f6 5. exf6 Qxf6 6. Bg5 Qf7 7. Bb5 Ne7 8. Ne5
h6 9. Nxf7 Kxf7 10. Bf4 a6 11. Bxc6 bxc6 12. Bxc7 Ra7 13. Bd6 Ng6 14. Qf3+ Ke8
15. Qg3 Kf7 16. O-O Rd7 17. Qf3+ Ke8 18. Bg3 Rf7 19. Qh5 Rf6 20. Be5 Rf7 21.
Qxg6 a5 22. Nc3 Ke7 23. Rae1 Rf6 24. Bxf6+ gxf6 25. Na4 Kd8 26. Qxf6+ Be7 27.
Qxh8+ Kc7 28. Qxh6 Kd6 29. Nc5 Bd8 30. Nxe6 Be7 31. Nc5+ Kc7 32. Rxe7+ Kd8 33.
Qf8# 1-0

[Event "AUTO-INT-512"]
[Site "http://www.queenalice.com/game.php?id=233535"]
[Date "2007.7.2"]
[Round "1"]
[White "Augusto_megriv"]
[Black "IkeBroflovski"]
[Result "1-0"]
[WhiteElo "1350"]
[BlackElo "1666"]

1. e3 e5 2. d4 exd4 3. exd4 d5 4. c3 Bd6 5. h4 Nf6 6. Rh3 Bxh3 7. Nxh3 Nbd7 8.
Bb5 c6 9. Bf1 O-O 10. Nf4 Qc7 11. Nh5 Rfe8+ 12. Be2 Nxh5 13. Nd2 Nf4 14. g3 Nxe2
15. Ne4 Rxe4 16. Bg5 Nxg3+ 17. Kd2 Bf4+ 18. Bxf4 Qxf4+ 19. Kc2 Re2+ 20. Kb3 Rd2
21. Qe1 Ne4 22. Rd1 Ndc5+ 23. Kb4 Rxb2+ 24. Ka3 Qc7 25. Kxb2 1-0

[Event "AUTO-INT-512"]
[Site "http://www.queenalice.com/game.php?id=233536"]
[Date "2007.7.2"]
[Round "1"]
[White "IkeBroflovski"]
[Black "Augusto_megriv"]
[Result "1-0"]
[WhiteElo "1678"]
[BlackElo "1353"]

1. Nf3 Nh6 2. d4 d5 3. Bxh6 gxh6 4. e3 Rg8 5. g3 Nc6 6. Be2 a6 7. Nbd2 b5 8. O-O
e6 9. b3 Rg6 10. Nh4 Rf6 11. c4 Rb8 12. Qc2 Bb4 13. a3 Ba5 14. b4 Bb6 15. c5 Ba7
16. Qxh7 Kd7 17. Nhf3 Ne7 18. Ne5+ Ke8 19. Bh5 Nc6 20. Bxf7+ Ke7 21. Nxc6+ Kd7
22. Nxd8 Kxd8 23. Qg8+ Ke7 24. Qe8# 1-0

[Event "AUTO-OPEN-722"]
[Site "http://www.queenalice.com/game.php?id=233661"]
[Date "2007.7.2"]
[Round "1"]
[White "marcosnatal"]
[Black "Augusto_megriv"]
[Result "1-0"]
[WhiteElo "1840"]
[BlackElo "1417"]

1. d4 c6 2. c4 d5 3. Nc3 dxc4 4. e4 f5 5. Bxc4 Nf6 6. e5 Ne4 7. Nf3 h6 8. Nh4 b5
9. Qh5+ Kd7 10. Ng6 Rg8 11. Bxg8 a5 12. Qxf5+ Kc7 13. Qxf8 Qxd4 14. Qxe7+ Kb6
15. Be3 Qxe3+ 16. fxe3 Nc5 17. Qd8+ Kb7 18. Nd5 cxd5 19. Bxd5+ Nc6 20. Bxc6+
Kxc6 21. Qd6+ Kb7 22. Qxc5 Ka6 23. a4 bxa4 24. Qc6+ Ka7 25. Rxa4 Rb8 26. Rxa5+
1-0

[Event "AUTO-OPEN-722"]
[Site "http://www.queenalice.com/game.php?id=233662"]
[Date "2007.7.2"]
[Round "1"]
[White "Augusto_megriv"]
[Black "marcosnatal"]
[Result "0-1"]
[WhiteElo "1355"]
[BlackElo "2302"]

1. d3 d5 2. c4 Nf6 3. Nc3 Nc6 4. e4 dxc4 5. Na4 e5 6. b3 Qd4 7. Be3 Bb4+ 8. Ke2
cxd3+ 9. Qxd3 Qxa1 10. Nf3 Bg4 11. h3 Qe1# 0-1

[Event "AUTO-OPEN-722"]
[Site "http://www.queenalice.com/game.php?id=233691"]
[Date "2007.7.2"]
[Round "1"]
[White "Augusto_megriv"]
[Black "mamutao"]
[Result "0-1"]
[WhiteElo "1362"]
[BlackElo "1688"]

1. g4 e5 2. e4 d5 3. Bg2 Nf6 4. h3 Nxe4 5. Bxe4 dxe4 6. Nc3 h5 7. Nxe4 hxg4 8.
d3 gxh3 9. Nf3 Bg4 10. Neg5 Nc6 11. Rg1 Nd4 12. Rxg4 h2 13. Kd2 h1=Q 14. Ng1 Be7
15. N5f3 Nxf3+ 16. Ke2 Nxg1+ 17. Rxg1 Qh5+ 18. f3 Qd4 19. Rf1 Qh2+ 20. Ke1 Bh4+
21. Rf2 Qhxf2# 0-1

[Event "AUTO-OPEN-722"]
[Site "http://www.queenalice.com/game.php?id=233692"]
[Date "2007.7.2"]
[Round "1"]
[White "mamutao"]
[Black "Augusto_megriv"]
[Result "1-0"]
[WhiteElo "1767"]
[BlackElo "1362"]

1. e4 d5 2. exd5 Qxd5 3. Nc3 Qe6+ 4. Be2 b6 5. Nf3 f5 6. d4 c6 7. O-O Ba6 8.
Bxa6 Nxa6 9. Re1 Qd7 10. Ne5 Qc7 11. Qh5+ g6 12. Nxg6 Bg7 13. Nxh8+ Kd7 14. Qxh7
Bxh8 15. Qxh8 Qd6 16. Qe5 Qb4 17. Qe6+ Kc7 18. Bf4+ Kb7 19. Qd7+ Nc7 20. Qxc7+
Ka6 21. Qxc6 Rd8 22. a3 Qxd4 23. Rad1 Qxf4 24. Rxd8 Nf6 25. b4 Ne4 26. Qc8# 1-0

[Event "AUTO-OPEN-722"]
[Site "http://www.queenalice.com/game.php?id=233693"]
[Date "2007.7.2"]
[Round "1"]
[White "Augusto_megriv"]
[Black "fugazeton2"]
[Result "1-0"]
[WhiteElo "1379"]
[BlackElo "1477"]

1. b3 d5 2. c4 dxc4 3. bxc4 Nf6 4. h4 e6 5. Qa4+ Bd7 6. Qb3 Qc8 7. e3 a5 8. Nc3
Nc6 9. Bd3 Ne5 10. Be2 Bc6 11. Rh2 Bd6 12. f4 Nd3+ 13. Bxd3 e5 14. fxe5 Bxe5 15.
Rh3 O-O 16. Nf3 Bd6 17. Ba3 Bxa3 18. Qxa3 Re8 19. Rg3 Be4 20. Ke2 Bxd3+ 21. Kxd3
Qd7+ 22. Ke2 Ne4 23. Rh3 Rad8 24. Qb2 Qd3+ 25. Kd1 Nf2+ 26. Ke1 Nxh3 27. gxh3
Qf5 28. Kf2 Qxh3 29. Qxb7 Rb8 30. Qxc7 Rb2 31. Rc1 Qc8 32. Qxa5 Qe6 33. Re1 Qf6
34. Ne4 Qe6 35. Qc3 Rbb8 36. Neg5 Qf6 37. Qa5 Ra8 38. Qd5 Rxa2 39. c5 Rd8 40.
Qxa2 h6 41. Ne4 Qg6 42. Qc4 Re8 43. d3 Kh8 44. c6 f5 45. c7 fxe4 46. h5 Qxh5 47.
dxe4 Rf8 48. Ke2 Qxf3+ 49. Kd2 Ra8 50. c8=Q+ Rxc8 51. Qxc8+ Kh7 52. Qf5+ Qxf5
53. exf5 1-0

[Event "AUTO-OPEN-722"]
[Site "http://www.queenalice.com/game.php?id=233694"]
[Date "2007.7.2"]
[Round "1"]
[White "fugazeton2"]
[Black "Augusto_megriv"]
[Result "1-0"]
[WhiteElo "1371"]
[BlackElo "1355"]

1. c4 d5 2. cxd5 Qxd5 3. Nc3 Qd8 4. e4 Nh6 5. d4 c6 6. Bxh6 gxh6 7. Bc4 Rg8 8.
Qf3 Bg7 9. Qxf7+ Kd7 10. Qe6+ Kc7 11. O-O-O Bxe6 12. d5 Bg4 13. f3 Bc8 14. dxc6
Qe8 15. cxb7 Bxb7 16. Nb5+ Kb6 17. a4 a6 18. Nc3 Rf8 19. Nd5+ Kc5 20. b3 Ra7 21.
Ne2 Nc6 22. Nef4 Qb8 23. Ne6+ Kd6 24. Nb6+ Ke5 25. Nd7# 1-0

[Event "Challenge"]
[Site "http://www.queenalice.com/game.php?id=248721"]
[Date "2007.7.31"]
[Round "-"]
[White "pollo"]
[Black "Augusto_megriv"]
[Result "1-0"]
[WhiteElo "1596"]
[BlackElo "1426"]

1. d4 e6 2. Nf3 g6 3. d5 c6 4. Qd4 Bg7 5. Qxg7 Nf6 6. Qxh8+ Ke7 7. Qxd8+ Kxd8 8.
dxc6 dxc6 9. e3 Nd5 10. Ne5 Ke7 11. Bc4 Nb4 12. Bd3 f6 13. Nc4 b5 14. Nca3 Bd7
15. O-O f5 16. f4 N8a6 17. c3 Nxd3 18. Rd1 Ndc5 19. c4 Nb7 20. Nc3 Nc7 21. cxb5
cxb5 22. e4 b4 23. Nc4 bxc3 24. bxc3 fxe4 25. Ne5 Ba4 26. Rd4 Nc5 27. Ba3 Ke8
28. Bxc5 Bb5 29. Bd6 Na6 30. Rb1 Be2 31. Rxe4 Bh5 32. Ra4 Nb8 33. g4 Bxg4 34.
Nxg4 Nd7 35. Rb7 h5 36. Ne5 Nxe5 37. Bxe5 Kd8 38. Rc4 a5 39. Rb8+ Rxb8 40. Bxb8
Ke7 41. Rc5 Kf6 42. Rxa5 g5 43. fxg5+ Kg7 44. c4 Kf8 45. g6 Kg7 46. c5 Kxg6 47.
c6 Kf7 48. c7 Ke7 49. c8=Q 1-0